LEADER 02671nam 2200649 a 450 001 9910455116603321 005 20200520144314.0 010 $a1-84755-109-2 035 $a(CKB)1000000000791675 035 $a(EBL)1185623 035 $a(SSID)ssj0000379408 035 $a(PQKBManifestationID)11270022 035 $a(PQKBTitleCode)TC0000379408 035 $a(PQKBWorkID)10365535 035 $a(PQKB)11314623 035 $a(MiAaPQ)EBC1185623 035 $a(PPN)198477430 035 $a(Au-PeEL)EBL1185623 035 $a(CaPaEBR)ebr10621212 035 $a(CaONFJC)MIL871883 035 $a(OCoLC)843641402 035 $a(EXLCZ)991000000000791675 100 $a20030909d2003 uy 0 101 0 $aeng 135 $aurcn||||||||| 181 $ctxt 182 $cc 183 $acr 200 10$aHyphenated techniques in speciation analysis$b[electronic resource] /$fJoanna Szpunar, Ryszard ??obi{acute}nski 210 $aCambridge $cRoyal Society of Chemistry$dc2003 215 $a1 online resource (238 p.) 225 0$aRSC chromatography monographs 300 $aDescription based upon print version of record. 311 $a0-85404-545-7 320 $aIncludes bibliographical references and index. 327 $apt. I. Principles and fundamentals -- pt. II. Applications. 330 $aSpeciation analysis is a field of trace element analytical chemistry that deals with detection, identification and determination of individual chemical forms of metals and metalloids. There has been increased awareness of the importance of elemental speciation over the last 20 years and this has lead to growing demand for analytical techniques capable of providing species-specific information. Hyphenated Techniques in Speciation Analysis offers a brief but comprehensive overview of hyphenated techniques and their various applications for the determination of chemical forms of trace elements. I 410 0$aRSC Chromatography Monographs 606 $aSpeciation (Chemistry)$xTechnique 606 $aMetals$xSpeciation 606 $aTrace elements$xSpeciation 606 $aChromatographic analysis 608 $aElectronic books. 615 0$aSpeciation (Chemistry)$xTechnique. 615 0$aMetals$xSpeciation. 615 0$aTrace elements$xSpeciation. 615 0$aChromatographic analysis. 676 $a544.92 700 $aSzpunar$b Joanna$0906233 701 $a??obi{acute}nski$b Ryszard$0906234 801 0$bMiAaPQ 801 1$bMiAaPQ 801 2$bMiAaPQ 906 $aBOOK 912 $a9910455116603321 996 $aHyphenated techniques in speciation analysis$92026819 997 $aUNINA LEADER 05372nam 2200757 450 001 9910467573503321 005 20210430202756.0 010 $a3-11-033224-8 010 $a3-11-039008-6 024 7 $a10.1515/9783110332247 035 $a(CKB)4230000000000189 035 $a(EBL)4459580 035 $a(SSID)ssj0001635073 035 $a(PQKBManifestationID)16388553 035 $a(PQKBTitleCode)TC0001635073 035 $a(PQKBWorkID)14909530 035 $a(PQKB)11366754 035 $a(PQKBManifestationID)16331766 035 $a(PQKBWorkID)14910021 035 $a(PQKB)24642701 035 $a(MiAaPQ)EBC4459580 035 $a(DE-B1597)213037 035 $a(OCoLC)939911315 035 $a(OCoLC)951149174 035 $a(DE-B1597)9783110332247 035 $a(Au-PeEL)EBL4459580 035 $a(CaPaEBR)ebr11177581 035 $a(CaONFJC)MIL908133 035 $a(OCoLC)945874272 035 $a(EXLCZ)994230000000000189 100 $a20160415h20162016 uy 0 101 0 $aeng 135 $aur|nu---|u||u 181 $ctxt 182 $cc 183 $acr 200 10$aSingular solutions of nonlinear elliptic and parabolic equations /$fAlexander A. Kovalevsky, Igor I. Skrypnik, Andrey E. Shishkov 210 1$aBerlin, [Germany] ;$aBoston, [Massachusetts] :$cde Gruyter,$d2016. 210 4$dİ2016 215 $a1 online resource (448 p.) 225 1 $aDe Gruyter Series in Nonlinear Analysis and Applications,$x0941-813X ;$vVolume 24 300 $aDescription based upon print version of record. 311 $a3-11-031548-3 311 $a3-11-033225-6 320 $aIncludes bibliographical references. 327 $tFront matter --$tForeword --$tContents --$tPart I. Nonlinear elliptic equations with L1-data --$tChapter 1. Nonlinear elliptic equations of the second order with L1-data --$tChapter 2. Nonlinear equations of the fourth order with strengthened coercivity and L1-data --$tPart II. Removability of singularities of the solutions of quasilinear elliptic and parabolic equations of the second order --$tChapter 3. Removability of singularities of the solutions of quasilinear elliptic equations --$tChapter 4. Removability of singularities of the solutions of quasilinear parabolic equations --$tChapter 5. Quasilinear elliptic equations with coefficients from the Kato class --$tPart III. Boundary regimes with peaking for quasilinear parabolic equations --$tChapter 6. Energy methods for the investigation of localized regimes with peaking for parabolic second-order equations --$tChapter 7. Method of functional inequalities in peaking regimes for parabolic equations of higher orders --$tChapter 8. Nonlocalized regimes with singular peaking --$tChapter 9. Appendix: Formulations and proofs of the auxiliary results --$tBibliography --$tBack matter 330 $aThis monograph looks at several trends in the investigation of singular solutions of nonlinear elliptic and parabolic equations. It discusses results on the existence and properties of weak and entropy solutions for elliptic second-order equations and some classes of fourth-order equations with L1-data and questions on the removability of singularities of solutions to elliptic and parabolic second-order equations in divergence form. It looks at localized and nonlocalized singularly peaking boundary regimes for different classes of quasilinear parabolic second- and high-order equations in divergence form. The book will be useful for researchers and post-graduate students that specialize in the field of the theory of partial differential equations and nonlinear analysis. Contents: Foreword Part I: Nonlinear elliptic equations with L^1-dataNonlinear elliptic equations of the second order with L^1-dataNonlinear equations of the fourth order with strengthened coercivity and L^1-dataPart II: Removability of singularities of the solutions of quasilinear elliptic and parabolic equations of the second order Removability of singularities of the solutions of quasilinear elliptic equations Removability of singularities of the solutions of quasilinear parabolic equations Quasilinear elliptic equations with coefficients from the Kato class Part III: Boundary regimes with peaking for quasilinear parabolic equations Energy methods for the investigation of localized regimes with peaking for parabolic second-order equations Method of functional inequalities in peaking regimes for parabolic equations of higher orders Nonlocalized regimes with singular peaking Appendix: Formulations and proofs of the auxiliary results Bibliography 410 0$aDe Gruyter series in nonlinear analysis and applications ;$vVolume 24. 606 $aDifferential equations, Elliptic 606 $aDifferential equations, Nonlinear 606 $aDifferential equations, Parabolic 608 $aElectronic books. 615 0$aDifferential equations, Elliptic. 615 0$aDifferential equations, Nonlinear. 615 0$aDifferential equations, Parabolic. 676 $a515/.3534 700 $aKovalevsky$b Alexander A.$01048191 702 $aSkrypnik$b Igor I. 702 $aShishkov$b Andrey E. 801 0$bMiAaPQ 801 1$bMiAaPQ 801 2$bMiAaPQ 906 $aBOOK 912 $a9910467573503321 996 $aSingular solutions of nonlinear elliptic and parabolic equations$92476313 997 $aUNINA